[Event "DVM U14 2020"]
[Site "Willingen GER"]
[Date "2021.06.26"]
[Round "6"]
[White "Eull, Emil"]
[Black "Elstner, Florian"]
[Result "1-0"]
[Termination "normal"]
[Board "7.1"]
[WhiteElo "1662"]
[BlackElo "1526"]
[WhiteClock "00:21:36"]
[BlackClock "00:06:13"]
[WhiteTeam "SF Neuberg"]
[BlackTeam "Schachklub König Plauen"]
[PlyCount "103"]
[WhiteFideId "16253809"]
[BlackFideId "16247264"]
[EventCountry "GER"]
[EventRounds "7"]
[EventType "team-swiss"]
[EventDate "2021.06.23"]

1. c4 {[%clk 1:30:58]} e5 {[%clk 1:30:34]} 2. Nc3 {[%clk 1:31:21]} Nc6 {[%clk
1:30:16]} 3. e3 {[%clk 1:31:45]} Nf6 {[%clk 1:30:12]} 4. Nf3 {[%clk 1:32:10]}
Bb4 {[%clk 1:29:55]} 5. Qc2 {[%clk 1:32:27]} Bxc3 {[%clk 1:29:38]} 6. Qxc3
{[%clk 1:32:50]} Qe7 {[%clk 1:29:18]} 7. d4 {[%clk 1:31:55]} Ne4 {[%clk
1:28:29]} 8. Qd3 {[%clk 1:29:01]} exd4 {[%clk 1:27:56]} 9. Nxd4 {[%clk
1:29:04]} O-O {[%clk 1:22:20]} 10. Be2 {[%clk 1:10:22]} Qb4+ {[%clk 1:09:25]}
11. Kf1 {[%clk 1:08:45]} Qe7 {[%clk 1:09:28]} 12. f3 {[%clk 1:07:57]} Nc5
{[%clk 1:08:51]} 13. Nxc6 {[%clk 1:06:12]} dxc6 {[%clk 1:08:50]} 14. Qc3 {[%clk
1:06:02]} Bf5 {[%clk 1:04:03]} 15. e4 {[%clk 1:04:46]} Bg6 {[%clk 1:00:43]} 16.
Be3 {[%clk 1:01:39]} Rfe8 {[%clk 0:58:39]} 17. b4 {[%clk 0:55:25]} Nd7 {[%clk
0:53:54]} 18. Kf2 {[%clk 0:49:44]} f5 {[%clk 0:51:03]} 19. exf5 {[%clk
0:48:41]} Bxf5 {[%clk 0:51:12]} 20. Rhe1 {[%clk 0:48:15]} Qh4+ {[%clk 0:37:00]}
21. Kg1 {[%clk 0:47:46]} Re6 {[%clk 0:34:00]} 22. Bf2 {[%clk 0:46:56]} Qe7
{[%clk 0:31:13]} 23. Bd3 {[%clk 0:45:28]} Bxd3 {[%clk 0:31:02]} 24. Qxd3 {[%clk
0:43:15]} Ne5 {[%clk 0:27:23]} 25. Qc3 {[%clk 0:42:58]} Rd8 {[%clk 0:24:48]}
26. Bc5 {[%clk 0:36:36]} Qg5 {[%clk 0:21:33]} 27. Re2 {[%clk 0:29:13]} Rd3
{[%clk 0:17:22]} 28. Qc2 {[%clk 0:24:31]} b6 {[%clk 0:13:52]} 29. f4 {[%clk
0:14:21]} Nf3+ {[%clk 0:06:01]} 30. Kh1 {[%clk 0:14:07]} Qxf4 {[%clk 0:04:03]}
31. Bg1 {[%clk 0:10:07]} Rh6 {[%clk 0:01:07]} 32. gxf3 {[%clk 0:06:58]} Qxf3+
{[%clk 0:01:31]} 33. Rg2 {[%clk 0:07:26]} Rg6 {[%clk 0:01:32]} 34. Re1 {[%clk
0:06:58]} Rc3 {[%clk 0:00:49]} 35. Qd2 {[%clk 0:04:26]} Rd3 {[%clk 0:00:49]}
36. Qe2 {[%clk 0:04:11]} Qxg2+ {[%clk 0:00:36]} 37. Qxg2 {[%clk 0:04:39]} Rxg2
{[%clk 0:00:55]} 38. Kxg2 {[%clk 0:05:02]} Rd2+ {[%clk 0:01:15]} 39. Bf2 {[%clk
0:04:01]} Kf7 {[%clk 0:00:48]} 40. Ra1 {[%clk 0:04:00]} Rc2 {[%clk 0:00:38]}
41. c5 {[%clk 0:03:33]} g5 {[%clk 0:18:28]} 42. cxb6 {[%clk 0:20:28]} cxb6
{[%clk 0:18:23]} 43. a4 {[%clk 0:20:22]} Rb2 {[%clk 0:14:24]} 44. a5 {[%clk
0:20:38]} Rxb4 {[%clk 0:13:54]} 45. Bxb6 {[%clk 0:20:40]} axb6 {[%clk 0:07:56]}
46. a6 {[%clk 0:20:05]} Rd4 {[%clk 0:07:47]} 47. a7 {[%clk 0:20:27]} Rd8 {[%clk
0:08:11]} 48. a8=Q {[%clk 0:20:50]} Rxa8 {[%clk 0:08:35]} 49. Rxa8 {[%clk
0:21:11]} Ke6 {[%clk 0:08:21]} 50. Rd8 {[%clk 0:21:18]} b5 {[%clk 0:08:04]} 51.
Kf3 {[%clk 0:21:28]} Kf5 {[%clk 0:06:13]} 52. Rc8 {[%clk 0:21:36]} 1-0

[Event "DVM U14 2020"]
[Site "Willingen GER"]
[Date "2021.06.26"]
[Round "6"]
[White "Melestean, Timur"]
[Black "Buchinger, Alexis"]
[Result "0-1"]
[Termination "normal"]
[Board "7.2"]
[WhiteElo "1502"]
[BlackElo "1536"]
[WhiteClock "00:37:21"]
[BlackClock "01:05:32"]
[WhiteTeam "Schachklub König Plauen"]
[BlackTeam "SF Neuberg"]
[PlyCount "72"]
[WhiteFideId "16280385"]
[BlackFideId "16287134"]
[EventCountry "GER"]
[EventRounds "7"]
[EventType "team-swiss"]
[EventDate "2021.06.23"]

1. d4 {[%clk 1:30:18]} d5 {[%clk 1:30:37]} 2. c4 {[%clk 1:30:22]} e6 {[%clk
1:31:03]} 3. Nf3 {[%clk 1:29:58]} Nf6 {[%clk 1:31:05]} 4. Nc3 {[%clk 1:29:58]}
c6 {[%clk 1:30:48]} 5. Bg5 {[%clk 1:25:40]} Nbd7 {[%clk 1:30:45]} 6. e3 {[%clk
1:25:22]} Qa5 {[%clk 1:28:18]} 7. Nd2 {[%clk 1:10:58]} Bb4 {[%clk 1:26:18]} 8.
Qc2 {[%clk 1:11:05]} dxc4 {[%clk 1:25:27]} 9. Nxc4 {[%clk 1:10:19]} Qxg5 {[%clk
1:25:28]} 10. Qb3 {[%clk 1:09:46]} Nd5 {[%clk 1:24:26]} 11. a3 {[%clk 1:05:45]}
Bxc3+ {[%clk 1:24:03]} 12. bxc3 {[%clk 1:06:09]} Qe7 {[%clk 1:23:10]} 13. Bd3
{[%clk 1:06:00]} O-O {[%clk 1:22:44]} 14. O-O {[%clk 1:06:26]} e5 {[%clk
1:21:44]} 15. Qc2 {[%clk 1:04:24]} h6 {[%clk 1:21:01]} 16. Rfb1 {[%clk
1:03:57]} Re8 {[%clk 1:17:14]} 17. Bf5 {[%clk 1:02:12]} exd4 {[%clk 1:15:36]}
18. cxd4 {[%clk 1:02:31]} N7b6 {[%clk 1:14:16]} 19. Bh7+ {[%clk 1:01:57]} Kh8
{[%clk 1:13:24]} 20. Bd3 {[%clk 1:02:16]} Nxc4 {[%clk 1:13:19]} 21. Bxc4 {[%clk
1:02:35]} Be6 {[%clk 1:12:53]} 22. Bf1 {[%clk 0:54:29]} b6 {[%clk 1:10:05]} 23.
Qxc6 {[%clk 0:49:21]} Rac8 {[%clk 1:04:13]} 24. Qb5 {[%clk 0:47:13]} Nc3 {[%clk
1:04:03]} 25. Qb2 {[%clk 0:46:58]} Nxb1 {[%clk 1:04:16]} 26. Rxb1 {[%clk
0:47:21]} Bc4 {[%clk 1:04:24]} 27. g3 {[%clk 0:46:42]} Bxf1 {[%clk 1:04:45]}
28. Kxf1 {[%clk 0:47:02]} Qe4 {[%clk 1:05:03]} 29. Kg1 {[%clk 0:47:08]} Rc2
{[%clk 1:05:02]} 30. Qb3 {[%clk 0:47:03]} Rec8 {[%clk 1:05:24]} 31. Rf1 {[%clk
0:46:25]} Qf3 {[%clk 1:05:20]} 32. Qb1 {[%clk 0:43:25]} R8c6 {[%clk 1:04:39]}
33. h3 {[%clk 0:39:50]} Rd2 {[%clk 1:04:49]} 34. d5 {[%clk 0:37:24]} Rcc2
{[%clk 1:05:03]} 35. Qe1 {[%clk 0:37:44]} Qxg3+ {[%clk 1:05:10]} 36. Kh1 {[%clk
0:37:21]} Qxh3+ {[%clk 1:05:32]} 0-1

[Event "DVM U14 2020"]
[Site "Willingen GER"]
[Date "2021.06.26"]
[Round "6"]
[White "Feng, Felix"]
[Black "Bühring, Marwin"]
[Result "0-1"]
[Termination "normal"]
[Board "7.3"]
[WhiteElo "1423"]
[BlackElo "1356"]
[WhiteClock "00:31:23"]
[BlackClock "00:17:58"]
[WhiteTeam "SF Neuberg"]
[BlackTeam "Schachklub König Plauen"]
[PlyCount "48"]
[WhiteFideId "16275179"]
[BlackFideId "16281985"]
[EventCountry "GER"]
[EventRounds "7"]
[EventType "team-swiss"]
[EventDate "2021.06.23"]

1. c4 {[%clk 1:30:27]} e5 {[%clk 1:30:52]} 2. Nc3 {[%clk 1:30:32]} Nf6 {[%clk
1:31:17]} 3. Nf3 {[%clk 1:30:34]} Nc6 {[%clk 1:31:18]} 4. g3 {[%clk 1:30:38]}
d5 {[%clk 1:31:33]} 5. cxd5 {[%clk 1:30:36]} Nxd5 {[%clk 1:31:56]} 6. Bg2
{[%clk 1:30:11]} Be6 {[%clk 1:29:38]} 7. O-O {[%clk 1:29:35]} Be7 {[%clk
1:29:44]} 8. d4 {[%clk 1:27:39]} Bf6 {[%clk 1:16:18]} 9. dxe5 {[%clk 1:25:13]}
Nxe5 {[%clk 1:15:26]} 10. Nxe5 {[%clk 1:24:38]} Nxc3 {[%clk 1:15:15]} 11. bxc3
{[%clk 1:22:43]} Bxe5 {[%clk 1:15:06]} 12. Qc2 {[%clk 1:14:50]} c6 {[%clk
1:12:34]} 13. Ba3 {[%clk 1:13:50]} Qf6 {[%clk 1:08:45]} 14. Rab1 {[%clk
1:13:25]} Rb8 {[%clk 1:02:07]} 15. Bxc6+ {[%clk 1:11:30]} bxc6 {[%clk 1:01:58]}
16. Qe4 {[%clk 1:08:37]} Rc8 {[%clk 0:55:56]} 17. Rb7 {[%clk 1:06:05]} c5
{[%clk 0:45:59]} 18. Qa4+ {[%clk 1:01:37]} Kf8 {[%clk 0:44:17]} 19. Qxa7 {[%clk
1:00:22]} Bd6 {[%clk 0:40:25]} 20. Rd1 {[%clk 0:56:02]} Qe5 {[%clk 0:32:16]}
21. e4 {[%clk 0:51:44]} Qxe4 {[%clk 0:24:55]} 22. Bxc5 {[%clk 0:33:21]} Bh3
{[%clk 0:17:47]} 23. Rxf7+ {[%clk 0:31:38]} Ke8 {[%clk 0:17:58]} 24. f3 {[%clk
0:31:23]} Bxc5+ 0-1

[Event "DVM U14 2020"]
[Site "Willingen GER"]
[Date "2021.06.26"]
[Round "6"]
[White "Deiters, Clemens"]
[Black "Kaiser, Jason"]
[Result "1/2-1/2"]
[Termination "normal"]
[Board "7.4"]
[WhiteElo "1361"]
[BlackElo "1479"]
[WhiteClock "00:10:49"]
[BlackClock "00:14:41"]
[WhiteTeam "Schachklub König Plauen"]
[BlackTeam "SF Neuberg"]
[PlyCount "90"]
[WhiteFideId "16240243"]
[BlackFideId "16275187"]
[EventCountry "GER"]
[EventRounds "7"]
[EventType "team-swiss"]
[EventDate "2021.06.23"]

1. e4 {[%clk 1:30:52]} d5 {[%clk 1:30:53]} 2. exd5 {[%clk 1:31:11]} Qxd5 {[%clk
1:31:07]} 3. Nf3 {[%clk 1:31:20]} Bg4 {[%clk 1:30:39]} 4. Be2 {[%clk 1:29:18]}
Nf6 {[%clk 1:29:07]} 5. d4 {[%clk 1:26:46]} e6 {[%clk 1:27:02]} 6. c4 {[%clk
1:23:59]} Qd8 {[%clk 1:23:29]} 7. Nc3 {[%clk 1:20:46]} c5 {[%clk 1:23:05]} 8.
Be3 {[%clk 1:16:45]} Nbd7 {[%clk 1:21:28]} 9. O-O {[%clk 1:14:15]} Be7 {[%clk
1:17:25]} 10. h3 {[%clk 1:13:00]} Bh5 {[%clk 1:11:25]} 11. Qd2 {[%clk 1:05:01]}
O-O {[%clk 1:09:22]} 12. Rfd1 {[%clk 1:02:15]} Qc7 {[%clk 1:05:51]} 13. Rac1
{[%clk 0:58:45]} Nb6 {[%clk 1:03:49]} 14. Bf4 {[%clk 0:51:38]} Bd6 {[%clk
1:02:08]} 15. Bxd6 {[%clk 0:47:39]} Qxd6 {[%clk 0:57:33]} 16. Qe3 {[%clk
0:45:19]} Bxf3 {[%clk 0:55:49]} 17. Bxf3 {[%clk 0:45:24]} Nxc4 {[%clk 0:55:57]}
18. Qe2 {[%clk 0:44:04]} Na5 {[%clk 0:49:09]} 19. Nb5 {[%clk 0:43:12]} Qa6
{[%clk 0:45:28]} 20. dxc5 {[%clk 0:40:58]} Nc6 {[%clk 0:43:43]} 21. a3 {[%clk
0:38:27]} Rad8 {[%clk 0:39:58]} 22. Nd6 {[%clk 0:36:13]} Qxe2 {[%clk 0:39:31]}
23. Bxe2 {[%clk 0:36:38]} Rd7 {[%clk 0:39:09]} 24. Bf3 {[%clk 0:35:47]} Ne8
{[%clk 0:38:40]} 25. Nxe8 {[%clk 0:32:15]} Rxd1+ {[%clk 0:38:58]} 26. Rxd1
{[%clk 0:32:41]} Rxe8 {[%clk 0:39:17]} 27. Bxc6 {[%clk 0:32:28]} bxc6 {[%clk
0:39:39]} 28. Rd6 {[%clk 0:32:45]} Rc8 {[%clk 0:39:35]} 29. Rd7 {[%clk
0:32:58]} a5 {[%clk 0:36:07]} 30. Ra7 {[%clk 0:33:18]} f6 {[%clk 0:36:05]} 31.
Rxa5 {[%clk 0:33:39]} Rc7 {[%clk 0:36:19]} 32. Kf1 {[%clk 0:32:37]} Kf7 {[%clk
0:36:37]} 33. Ke2 {[%clk 0:32:13]} e5 {[%clk 0:36:54]} 34. Kd2 {[%clk 0:30:27]}
Ke6 {[%clk 0:36:45]} 35. Ra8 {[%clk 0:27:30]} Kd5 {[%clk 0:33:54]} 36. b4
{[%clk 0:24:51]} Rd7 {[%clk 0:24:13]} 37. Rc8 {[%clk 0:14:33]} Ra7 {[%clk
0:21:35]} 38. Rd8+ {[%clk 0:13:17]} Kc4 {[%clk 0:19:30]} 39. Rd3 {[%clk
0:13:27]} e4 {[%clk 0:10:53]} 40. Rc3+ {[%clk 0:12:54]} Kd4 {[%clk 0:09:56]}
41. Kc2 {[%clk 0:09:49]} f5 {[%clk 0:05:48]} 42. Kd2 {[%clk 0:04:31]} h6 {[%clk
0:01:44]} 43. f3 Rf7 {[%clk 0:23:29]} 44. Re3 {[%clk 0:13:57]} g5 {[%clk
0:21:04]} 45. Ke2 {[%clk 0:10:49]} h5 {[%clk 0:14:41]} 0-1

[Event "DVM U14 2020"]
[Site "Willingen GER"]
[Date "2021.06.26"]
[Round "6"]
[White "Schwartz, Oliver"]
[Black "Yin, Haode"]
[Result "1-0"]
[Termination "normal"]
[Board "8.1"]
[WhiteElo "1835"]
[BlackElo "1759"]
[WhiteClock "00:12:14"]
[BlackClock "00:13:16"]
[WhiteTeam "SC Ostfildern 1952 e.V."]
[BlackTeam "SchachAkademiePaderborn e. V."]
[PlyCount "57"]
[WhiteFideId "16207459"]
[BlackFideId "16261348"]
[EventCountry "GER"]
[EventRounds "7"]
[EventType "team-swiss"]
[EventDate "2021.06.23"]

1. d4 {[%clk 1:30:54]} d5 {[%clk 1:30:51]} 2. c4 {[%clk 1:31:19]} e6 {[%clk
1:31:04]} 3. Nc3 {[%clk 1:31:40]} Nf6 {[%clk 1:31:21]} 4. cxd5 {[%clk 1:32:04]}
exd5 {[%clk 1:31:16]} 5. Bg5 {[%clk 1:32:19]} Nbd7 {[%clk 1:31:05]} 6. e3
{[%clk 1:31:38]} c6 {[%clk 1:31:02]} 7. Bd3 {[%clk 1:30:59]} Qa5 {[%clk
1:30:05]} 8. Nge2 {[%clk 1:27:15]} Bd6 {[%clk 1:25:19]} 9. O-O {[%clk 1:25:28]}
O-O {[%clk 1:24:28]} 10. Qc2 {[%clk 1:23:10]} Re8 {[%clk 1:23:22]} 11. f3
{[%clk 1:18:02]} h6 {[%clk 1:20:56]} 12. Bxf6 {[%clk 1:17:47]} Nxf6 {[%clk
1:20:57]} 13. e4 {[%clk 1:17:29]} dxe4 {[%clk 1:18:02]} 14. fxe4 {[%clk
1:17:34]} Ng4 {[%clk 1:02:48]} 15. Bc4 {[%clk 1:02:22]} Rf8 {[%clk 0:57:49]}
16. e5 {[%clk 0:50:58]} Bxe5 {[%clk 0:56:35]} 17. Qg6 {[%clk 0:45:42]} Qc7
{[%clk 0:44:18]} 18. dxe5 {[%clk 0:42:29]} Nxe5 {[%clk 0:43:48]} 19. Qe4 {[%clk
0:40:24]} Qb6+ {[%clk 0:35:21]} 20. Kh1 {[%clk 0:39:15]} Nxc4 {[%clk 0:34:57]}
21. Qxc4 {[%clk 0:39:34]} Qxb2 {[%clk 0:34:52]} 22. Nd4 {[%clk 0:35:38]} Qd2
{[%clk 0:33:10]} 23. Ne4 {[%clk 0:29:33]} Qa5 {[%clk 0:31:33]} 24. Rae1 {[%clk
0:24:48]} Qd8 {[%clk 0:20:48]} 25. Re3 {[%clk 0:19:24]} Bg4 {[%clk 0:18:29]}
26. Rg3 {[%clk 0:17:04]} Qc8 {[%clk 0:16:31]} 27. h3 {[%clk 0:12:59]} Be6
{[%clk 0:15:56]} 28. Qc3 {[%clk 0:12:57]} Qc7 {[%clk 0:13:16]} 29. Rxg7+ {[%clk
0:12:14]} 1-0

[Event "DVM U14 2020"]
[Site "Willingen GER"]
[Date "2021.06.26"]
[Round "6"]
[White "Rohm, Linus"]
[Black "Chugunov, Ivan"]
[Result "1/2-1/2"]
[Termination "normal"]
[Board "8.2"]
[WhiteElo "1581"]
[BlackElo "1500"]
[WhiteClock "00:04:08"]
[BlackClock "01:04:35"]
[WhiteTeam "SchachAkademiePaderborn e. V."]
[BlackTeam "SC Ostfildern 1952 e.V."]
[PlyCount "90"]
[WhiteFideId "16298217"]
[BlackFideId "16256808"]
[EventCountry "GER"]
[EventRounds "7"]
[EventType "team-swiss"]
[EventDate "2021.06.23"]

1. d4 {[%clk 1:30:54]} d5 {[%clk 1:30:49]} 2. Bf4 {[%clk 1:31:11]} c5 {[%clk
1:31:09]} 3. c3 {[%clk 1:30:53]} Nc6 {[%clk 1:30:54]} 4. e3 {[%clk 1:30:33]}
Bf5 {[%clk 1:31:01]} 5. Bd3 {[%clk 1:26:41]} Bg6 {[%clk 1:28:52]} 6. Bxg6
{[%clk 1:26:38]} hxg6 {[%clk 1:29:03]} 7. Nf3 {[%clk 1:26:51]} Nf6 {[%clk
1:29:05]} 8. h3 {[%clk 1:25:41]} e6 {[%clk 1:29:16]} 9. Nbd2 {[%clk 1:23:47]}
Bd6 {[%clk 1:27:06]} 10. Bxd6 {[%clk 1:19:42]} Qxd6 {[%clk 1:27:09]} 11. Qe2
{[%clk 1:19:47]} cxd4 {[%clk 1:27:06]} 12. cxd4 {[%clk 1:13:58]} O-O {[%clk
1:26:19]} 13. O-O {[%clk 1:14:19]} Rfc8 {[%clk 1:26:14]} 14. Rac1 {[%clk
1:11:53]} a6 {[%clk 1:25:12]} 15. Nb3 {[%clk 1:10:23]} Nd7 {[%clk 1:24:55]} 16.
Rfd1 {[%clk 1:09:44]} b5 {[%clk 1:24:13]} 17. e4 {[%clk 1:01:03]} Ne7 {[%clk
1:22:30]} 18. exd5 {[%clk 0:57:37]} Nxd5 {[%clk 1:20:09]} 19. Ne5 {[%clk
0:56:44]} Nxe5 {[%clk 1:18:44]} 20. Qxe5 {[%clk 0:54:24]} Rd8 {[%clk 1:17:11]}
21. Nc5 {[%clk 0:52:40]} Qb6 {[%clk 1:14:17]} 22. a3 {[%clk 0:50:15]} a5 {[%clk
1:11:10]} 23. h4 {[%clk 0:47:30]} Rac8 {[%clk 1:09:20]} 24. h5 {[%clk 0:42:00]}
gxh5 {[%clk 1:08:20]} 25. Qxh5 {[%clk 0:42:10]} Nf6 {[%clk 1:08:30]} 26. Qh4
{[%clk 0:41:03]} Rd5 {[%clk 1:08:17]} 27. g4 {[%clk 0:34:45]} Rcd8 {[%clk
1:05:25]} 28. g5 {[%clk 0:27:47]} Ne8 {[%clk 1:05:15]} 29. Rd3 {[%clk 0:26:58]}
g6 {[%clk 1:01:54]} 30. Qh6 {[%clk 0:22:28]} Ng7 {[%clk 1:01:53]} 31. Ne4
{[%clk 0:21:51]} Rf5 {[%clk 0:53:47]} 32. Rh3 {[%clk 0:21:09]} Kf8 {[%clk
0:47:26]} 33. Qh8+ {[%clk 0:20:15]} Ke7 {[%clk 0:47:44]} 34. Qxg7 {[%clk
0:20:41]} Rxd4 {[%clk 0:47:41]} 35. Rc8 {[%clk 0:13:58]} Kd7 {[%clk 0:39:48]}
36. Qf8 {[%clk 0:11:30]} Rxe4 {[%clk 0:39:13]} 37. Rd3+ {[%clk 0:08:34]} Rd5
{[%clk 0:38:09]} 38. Qe8+ {[%clk 0:08:12]} Kd6 {[%clk 0:38:09]} 39. Rd8+ {[%clk
0:07:10]} Kc5 {[%clk 0:34:28]} 40. Rc8+ {[%clk 0:05:08]} Kd6 {[%clk 0:34:42]}
41. Rd8+ {[%clk 0:05:33]} Kc5 {[%clk 0:34:42]} 42. Qe7+ {[%clk 0:26:38]} Kc4
{[%clk 1:04:48]} 43. Rc3+ {[%clk 0:23:49]} Kd4 {[%clk 1:04:27]} 44. Qf6+ {[%clk
0:23:53]} Ree5 {[%clk 1:04:36]} 45. Qf4+ {[%clk 0:04:08]} Re4 {[%clk 1:04:35]}
1/2-1/2

[Event "DVM U14 2020"]
[Site "Willingen GER"]
[Date "2021.06.26"]
[Round "6"]
[White "Walter, Romeo"]
[Black "Brinkschröder, Josh"]
[Result "1/2-1/2"]
[Termination "normal"]
[Board "8.3"]
[WhiteElo "1486"]
[BlackElo "1568"]
[WhiteClock "00:05:24"]
[BlackClock "00:33:01"]
[WhiteTeam "SC Ostfildern 1952 e.V."]
[BlackTeam "SchachAkademiePaderborn e. V."]
[PlyCount "55"]
[WhiteFideId "16275055"]
[BlackFideId "16274903"]
[EventCountry "GER"]
[EventRounds "7"]
[EventType "team-swiss"]
[EventDate "2021.06.23"]

1. e4 {[%clk 1:30:50]} e6 {[%clk 1:30:57]} 2. d4 {[%clk 1:31:12]} d5 {[%clk
1:31:24]} 3. Nc3 {[%clk 1:31:32]} dxe4 {[%clk 1:31:44]} 4. Nxe4 {[%clk
1:31:22]} Nd7 {[%clk 1:32:11]} 5. Nf3 {[%clk 1:31:36]} Ngf6 {[%clk 1:32:29]} 6.
Nxf6+ {[%clk 1:31:37]} Nxf6 {[%clk 1:32:55]} 7. Bd3 {[%clk 1:31:47]} c5 {[%clk
1:33:00]} 8. Be3 {[%clk 1:32:02]} b6 {[%clk 1:32:15]} 9. Qe2 {[%clk 1:29:09]}
Be7 {[%clk 1:31:41]} 10. O-O-O {[%clk 1:28:44]} Qc7 {[%clk 1:29:58]} 11. dxc5
{[%clk 1:20:55]} Bxc5 {[%clk 1:27:36]} 12. Bxc5 {[%clk 1:19:06]} Qxc5 {[%clk
1:27:10]} 13. Rhe1 {[%clk 1:09:12]} O-O {[%clk 1:25:36]} 14. Ne5 {[%clk
1:05:01]} Bb7 {[%clk 1:24:00]} 15. g4 {[%clk 0:59:03]} Rfd8 {[%clk 1:22:05]}
16. g5 {[%clk 0:53:54]} Nd5 {[%clk 1:19:49]} 17. Bxh7+ {[%clk 0:43:53]} Kf8
{[%clk 1:09:24]} 18. Be4 {[%clk 0:32:24]} Nf4 {[%clk 0:59:59]} 19. Qf3 {[%clk
0:27:23]} Bxe4 {[%clk 0:54:56]} 20. Rxe4 {[%clk 0:20:58]} Rxd1+ {[%clk
0:52:25]} 21. Kxd1 {[%clk 0:17:07]} Rd8+ {[%clk 0:43:02]} 22. Kc1 {[%clk
0:12:40]} Qd5 {[%clk 0:41:16]} 23. b3 {[%clk 0:08:28]} Qd2+ {[%clk 0:34:57]}
24. Kb2 {[%clk 0:08:46]} Rd4 {[%clk 0:33:50]} 25. Rxd4 {[%clk 0:05:28]} Qxd4+
{[%clk 0:34:05]} 26. Qc3 {[%clk 0:05:48]} Qxc3+ {[%clk 0:33:04]} 27. Kxc3
{[%clk 0:06:14]} Nh3 {[%clk 0:33:01]} 28. Kd4 {[%clk 0:05:24]} 1/2-1/2

[Event "DVM U14 2020"]
[Site "Willingen GER"]
[Date "2021.06.26"]
[Round "6"]
[White "Gering, Jakob"]
[Black "Zimanovic, Leon Daniel"]
[Result "1-0"]
[Termination "normal"]
[Board "8.4"]
[WhiteElo "1313"]
[BlackElo "1386"]
[WhiteClock "00:37:56"]
[BlackClock "00:17:23"]
[WhiteTeam "SchachAkademiePaderborn e. V."]
[BlackTeam "SC Ostfildern 1952 e.V."]
[PlyCount "71"]
[WhiteFideId "16298225"]
[BlackFideId "16275063"]
[EventCountry "GER"]
[EventRounds "7"]
[EventType "team-swiss"]
[EventDate "2021.06.23"]

1. d4 {[%clk 1:30:56]} d5 {[%clk 1:30:52]} 2. Nf3 {[%clk 1:31:08]} Nf6 {[%clk
1:30:28]} 3. g3 {[%clk 1:31:13]} Bf5 {[%clk 1:30:10]} 4. Bg2 {[%clk 1:31:12]}
h6 {[%clk 1:30:02]} 5. O-O {[%clk 1:30:39]} e6 {[%clk 1:30:08]} 6. c4 {[%clk
1:30:09]} dxc4 {[%clk 1:29:28]} 7. Ne5 {[%clk 1:29:25]} c6 {[%clk 1:28:04]} 8.
Nc3 {[%clk 1:28:20]} Nbd7 {[%clk 1:26:44]} 9. Nxc4 {[%clk 1:27:34]} Be7 {[%clk
1:24:39]} 10. Qb3 {[%clk 1:25:28]} Nb6 {[%clk 1:19:58]} 11. Na5 {[%clk
1:23:20]} Qd7 {[%clk 1:15:45]} 12. e4 {[%clk 1:16:46]} Bh7 {[%clk 1:14:25]} 13.
Be3 {[%clk 1:15:09]} O-O {[%clk 1:08:28]} 14. Rad1 {[%clk 1:10:47]} Qc7 {[%clk
1:02:12]} 15. Bf4 {[%clk 1:08:55]} Qc8 {[%clk 1:00:04]} 16. Nc4 {[%clk
1:05:28]} Nxc4 {[%clk 0:57:26]} 17. Qxc4 {[%clk 1:05:49]} Rd8 {[%clk 0:51:58]}
18. Qe2 {[%clk 1:02:03]} b5 {[%clk 0:47:10]} 19. e5 {[%clk 1:00:14]} Nd5 {[%clk
0:46:10]} 20. Nxd5 {[%clk 0:57:19]} exd5 {[%clk 0:45:33]} 21. Rc1 {[%clk
0:55:21]} Qa6 {[%clk 0:42:46]} 22. a3 {[%clk 0:53:12]} Rac8 {[%clk 0:41:28]}
23. Bh3 {[%clk 0:51:20]} Ra8 {[%clk 0:37:30]} 24. Qd2 {[%clk 0:46:44]} g5
{[%clk 0:34:08]} 25. Be3 {[%clk 0:45:33]} Rab8 {[%clk 0:33:03]} 26. f4 {[%clk
0:42:28]} gxf4 {[%clk 0:30:41]} 27. Bxf4 {[%clk 0:42:21]} Bg5 {[%clk 0:27:49]}
28. Bxg5 {[%clk 0:41:55]} hxg5 {[%clk 0:28:07]} 29. Qxg5+ {[%clk 0:41:21]} Bg6
{[%clk 0:24:00]} 30. Bf5 {[%clk 0:39:59]} Qb6 {[%clk 0:21:32]} 31. Rf4 {[%clk
0:38:07]} Kg7 {[%clk 0:18:34]} 32. Qf6+ {[%clk 0:37:53]} Kg8 {[%clk 0:17:45]}
33. Bxg6 {[%clk 0:37:12]} Rf8 {[%clk 0:17:10]} 34. Bh7+ {[%clk 0:37:14]} Kxh7
{[%clk 0:17:08]} 35. Rh4+ {[%clk 0:37:34]} Kg8 {[%clk 0:17:23]} 36. Rh8# {[%clk
0:37:56]} 1-0

[Event "DVM U14 2020"]
[Site "Willingen GER"]
[Date "2021.06.26"]
[Round "6"]
[White "Kraftsik, Christian"]
[Black "Abou Wally, Adrian"]
[Result "1/2-1/2"]
[Termination "normal"]
[Board "9.1"]
[WhiteElo "1797"]
[BlackElo "1482"]
[WhiteTeam "Schach-Club Vaterstetten-Grasbrunn"]
[BlackTeam "SV Schott Jena"]
[WhiteFideId "16242548"]
[BlackFideId "16245113"]
[EventCountry "GER"]
[EventRounds "7"]
[EventType "team-swiss"]
[EventDate "2021.06.23"]

1. d4 d5 2. c4 e6 3. Nc3 Nf6 4. cxd5 exd5 5. Bg5 Be7 6. e3 O-O 7. Bd3 Nbd7 8.
Qc2 c6 9. Nge2 Re8 10. O-O Nf8 11. Bxf6 Bxf6 12. b4 b6 13. Rad1 Be7 14. b5 c5
15. dxc5 Bxc5 16. Nxd5 Bb7 17. Ndf4 Qg5 18. Ng3 Ng6 19. Bxg6 hxg6 20. Qb3 Rad8
21. Rxd8 Rxd8 22. Qa4 Qe7 23. Qb3 Qd7 1/2-1/2

[Event "DVM U14 2020"]
[Site "Willingen GER"]
[Date "2021.06.26"]
[Round "6"]
[White "Link, Moritz"]
[Black "Lerchl, Clemens"]
[Result "0-1"]
[Termination "normal"]
[Board "9.2"]
[WhiteElo "1540"]
[BlackElo "1711"]
[WhiteTeam "SV Schott Jena"]
[BlackTeam "Schach-Club Vaterstetten-Grasbrunn"]
[WhiteFideId "34605924"]
[BlackFideId "16226372"]
[EventCountry "GER"]
[EventRounds "7"]
[EventType "team-swiss"]
[EventDate "2021.06.23"]

1. e4 c5 2. Nf3 d6 3. d3 Nc6 4. g3 g6 5. Bg2 Bg7 6. O-O Bg4 7. h3 Bxf3 8. Qxf3
Nd4 9. Qd1 Nf6 10. c3 Nc6 11. Re1 O-O 12. Nd2 Qc7 13. a4 Nd7 14. Nf1 a6 15. Bf4
b5 16. axb5 axb5 17. Qe2 Rfb8 18. Rac1 Ra7 19. Kh1 Ra2 20. d4 b4 21. cxb4  Nxd4
22. Qc4 Ra4 23. Bd2 Qa7 24. b3 Ne5 25. Qd5 Ra6 26. bxc5 Nd3 27. c6 Nxc1 28.
Rxc1 Qc7 29. Ba5 Rxa5 30. Qc4 Rc5 0-1